000 00654nam a2200217 a 4500
001 BRCA_7154
005 20190320205730.0
008 110112s1905----nyua######---#000-0#eng-#
041 _aeng
044 _aenk
050 4 _aPZ3
_b.W555Li 1905
100 1 _aWilliamson, Charles Norris
_d1859-1920
_916235
245 1 0 _aThe lightning conductor
_bthe strange adventures of a motorcar
_ced. by C.N. and A.M. Williamson.
260 _aNueva York
_bGrossett & Dunlap
_cc1905
300 _a344 p.
_bil.
_c19 cm.
500 _aP43
650 1 4 _aLiteratura inglesa
_917751
700 1 _aWilliamson, Alice Muriel
_ecoaut.
_917752
902 _aGFM
942 _2lcc
_cB
999 _c6835
_d6835